Φορτώνει......

Science, agriculture and the politics of policy The case of biotechnology in India /

Λεπτομέρειες βιβλιογραφικής εγγραφής
Κύριος συγγραφέας: Scoones, Ian
Γλώσσα:Undetermined
Έκδοση: Hyderabad : Orient Longman , 2005.
Θέματα:
LEADER 00614nam a2200169Ia 4500
001 148671
008 170722s9999 xx 000 0 und d
020 |a 8125029443 
100 |a Scoones, Ian 
245 |a Science, agriculture and the politics of policy  |b The case of biotechnology in India / 
260 |a Hyderabad :  |b Orient Longman ,  |c 2005. 
300 |a 417 p. 
653 |a Biotechnology 
923 |d 20060930  |n MBC-1364/0 
942 |c GEN 
999 |c 133278  |d 133278 
952 |0 0  |1 0  |4 0  |6 J_F9G_2_000000000000000_P5  |7 0  |9 188263  |a LIB  |b LIB  |d 2013-03-25  |e Modern Book Centre  |o J:(F9G).2 P5  |p 261794  |r 2017-08-12  |v 795.00  |w 2017-08-12  |y GEN